[Event "7. Arber-Senioren-Cup 2019"]
[Site "Bodenmais"]
[Date "2019.07.29"]
[Round "3.23"]
[White "Bock, Ortwin"]
[Black "Meckel, Helmut"]
[Result "0-1"]
[WhiteElo "1938"]
[BlackElo "1804"]
[Annotator "NA"]
[PlyCount "88"]
[EventDate "2019.07.27"]
[EventType "swiss"]
[EventCountry "GER"]
[SourceTitle "playchess.com"]
[Source "ChessBase"]
[SourceQuality "1"]
[TimeControl "5400+30"]

1. d4 {[%emt 0:00:00]} e6 {[%emt 0:00:00]} 2. e4 {[%emt 0:00:00]} d5 {[%emt 0:00:00]} 3. Nc3 {[%emt 0:00:00]} Nf6 {[%emt 0:00:00]} 4. Bg5 {[%emt 0:00:00]} Bb4 {[%emt 0:00:00]} 5. e5 {[%emt 0:00:00]} h6 {[%emt 0:00:00]} 6. Bd2 {[%emt 0:00:00]} Bxc3 {[%emt 0:00:00]} 7. Bxc3 {[%emt 0:00:00]} Ne4 {[%emt 0:00:00]} 8. Qg4 {[%emt 0:00:00]} Qg5 {[%emt 0:00:00]} 9. Qxg5 {[%emt 0:00:00]} hxg5 {[%emt 0:00:00]} 10. Bd3 {[%emt 0:00:00]} Nxc3 {[%emt 0:00:00]} 11. bxc3 {[%emt 0:00:00]} Nd7 {[%emt 0:00:00]} 12. Nf3 {[%emt 0:00:00]} g4 {[%emt 0:00:00]} 13. Nd2 {[%emt 0:00:00]} f6 {[%emt 0:00:00]} 14. c4 {[%emt 0:00:00]} fxe5 {[%emt 0:00:00]} 15. cxd5 {[%emt 0:00:00]} exd5 {[%emt 0:00:00]} 16. Bg6+ {[%emt 0:00:00]} Ke7 {[%emt 0:00:00]} 17. dxe5 {[%emt 0:00:00]} Nxe5 {[%emt 0:00:00]} 18. Bd3 {[%emt 0:00:00]} c5 {[%emt 0:00:00]} 19. O-O {[%emt 0:02:13]} Nxd3 {[%emt 0:00:00]} 20. cxd3 {[%emt 0:00:02]} Bf5 {[%emt 0:00:00]} 21. d4 {[%emt 0:04:09]} c4 {[%emt 0:00:00]} 22. Rfe1+ {[%emt 0:01:20]} Kd6 {[%emt 0:00:00]} 23. Re5 {[%emt 0:01:12]} Bd7 {[%emt 0:00:00]} 24. f4 {[%emt 0:03:18]} gxf3 {[%emt 0:00:00]} 25. Nxf3 {[%emt 0:00:23]} Bg4 {[%emt 0:00:00]} 26. Rae1 {[%emt 0:03:16]} Kc6 {[%emt 0:00:00]} 27. Re7 {[%emt 0:02:37]} Bxf3 {[%emt 0:02:27]} 28. R1e6+ {[%emt 0:05:24]} Kb5 {[%emt 0:00:35]} 29. Rxb7+ {[%emt 0:01:01]} Ka5 {[%emt 0:00:31]} 30. gxf3 {[%emt 0:01:17]} Rh4 {[%emt 0:07:58]} 31. Rc6 {[%emt 0:09:06]} Rxd4 {[%emt 0:02:12]} 32. Rc5+ {[%emt 0:01:34]} Ka4 {[%emt 0:02:15]} 33. a3 {[%emt 0:07:47]} a5 {[%emt 0:02:16]} 34. Kg2 {[%emt 0:15:34]} Kxa3 {[%emt 0:01:23]} 35. Rcb5 {[%emt 0:02:55]} a4 {[%emt 0:00:38]} 36. Rb1 {[%emt 0:00:16]} Rd2+ {[%emt 0:01:16]} 37. Kg3 {[%emt 0:00:02]} Re8 {[%emt 0:01:45]} 38. Ra1+ {[%emt 0:11:28]} Ra2 {[%emt 0:01:16]} 39. Rd1 {[%emt 0:02:09]} Rd8 {[%emt 0:08:03]} 40. Rd4 {[%emt 0:04:25]} g5 {[%emt 0:03:07]} 41. h3 {[%emt 0:02:04]} Rb2 {[%emt 0:01:29]} 42. Ra7 {[%emt 0:00:52]} Kb3 {[%emt 0:02:26]} 43. Rd1 {[%emt 0:01:05]} a3 {[%emt 0:03:56]} 44. Ra1 {[%emt 0:00:36]} a2 {[%emt 0:00:48]} 0-1

[Event "7. Arber-Senioren-Cup 2019"]
[Site "Bodenmais"]
[Date "2019.07.29"]
[Round "3.24"]
[White "Mahnke, Ralf"]
[Black "Moser, Andreas"]
[Result "1/2-1/2"]
[WhiteElo "1925"]
[BlackElo "1693"]
[Annotator "NA"]
[PlyCount "58"]
[EventDate "2019.07.27"]
[EventType "swiss"]
[EventCountry "GER"]
[SourceTitle "playchess.com"]
[Source "ChessBase"]
[SourceQuality "1"]
[TimeControl "5400+30"]

1. d4 {[%emt 0:00:00]} Nf6 {[%emt 0:00:00]} 2. c4 {[%emt 0:00:00]} g6 {[%emt 0:00:00]} 3. Nc3 {[%emt 0:00:00]} Bg7 {[%emt 0:00:00]} 4. e4 {[%emt 0:00:00]} d6 {[%emt 0:00:00]} 5. Be2 {[%emt 0:00:00]} O-O {[%emt 0:00:00]} 6. Bg5 {[%emt 0:00:00]} h6 {[%emt 0:00:00]} 7. Bf4 {[%emt 0:00:00]} c6 {[%emt 0:00:00]} 8. Nf3 {[%emt 0:00:00]} Bg4 {[%emt 0:00:00]} 9. h3 {[%emt 0:00:00]} Bxf3 {[%emt 0:00:00]} 10. Bxf3 {[%emt 0:00:00]} Nbd7 {[%emt 0:00:00]} 11. O-O {[%emt 0:00:00]} e5 {[%emt 0:00:00]} 12. dxe5 {[%emt 0:00:00]} dxe5 {[%emt 0:00:00]} 13. Be3 {[%emt 0:00:00]} Re8 {[%emt 0:00:00]} 14. Qc2 {[%emt 0:00:00]} Qc7 {[%emt 0:00:00]} 15. Rad1 {[%emt 0:00:00]} b6 {[%emt 0:00:00]} 16. Rd2 {[%emt 0:00:00]} Nf8 {[%emt 0:00:00]} 17. Rfd1 {[%emt 0:00:00]} Red8 {[%emt 0:00:00]} 18. Qa4 {[%emt 0:00:00]} Rxd2 {[%emt 0:00:00]} 19. Rxd2 {[%emt 0:00:00]} Ne6 {[%emt 0:00:00]} 20. b4 {[%emt 0:00:00]} Rd8 {[%emt 0:00:00]} 21. Qd1 {[%emt 0:00:00]} Rxd2 {[%emt 0:00:00]} 22. Qxd2 {[%emt 0:00:00]} g5 {[%emt 0:00:00]} 23. Bd1 {[%emt 0:00:00]} Bf8 {[%emt 0:05:16]} 24. a3 {[%emt 0:00:00]} a5 {[%emt 0:02:18]} 25. bxa5 {[%emt 0:11:44]} bxa5 {[%emt 0:00:22]} 26. a4 {[%emt 0:00:25]} Bb4 {[%emt 0:01:23]} 27. f3 {[%emt 0:00:40]} Nd7 {[%emt 0:05:15]} 28. Qc2 {[%emt 0:01:24]} Bc5 {[%emt 0:01:20]} 29. Bxc5 Qd8 1/2-1/2

[Event "7. Arber-Senioren-Cup 2019"]
[Site "Bodenmais"]
[Date "2019.07.29"]
[Round "3.25"]
[White "Ketzscher, Roland"]
[Black "Otto, Klaus"]
[Result "1/2-1/2"]
[WhiteElo "1917"]
[BlackElo "1725"]
[Annotator "NA"]
[PlyCount "51"]
[EventDate "2019.07.27"]
[EventType "swiss"]
[EventCountry "GER"]
[SourceTitle "playchess.com"]
[Source "ChessBase"]
[SourceQuality "1"]
[TimeControl "5400+30"]

1. d4 {[%emt 0:00:00]} Nf6 {[%emt 0:00:00]} 2. Nf3 {[%emt 0:00:00]} d5 {[%emt 0:00:00]} 3. c4 {[%emt 0:00:00]} e6 {[%emt 0:00:00]} 4. Nc3 {[%emt 0:00:00]} c6 {[%emt 0:00:00]} 5. Bg5 {[%emt 0:00:00]} Be7 {[%emt 0:00:00]} 6. e3 {[%emt 0:00:00]} Nh5 {[%emt 0:00:00]} 7. Bxe7 {[%emt 0:00:00]} Qxe7 {[%emt 0:00:00]} 8. Rc1 {[%emt 0:00:00]} O-O {[%emt 0:00:00]} 9. Be2 {[%emt 0:00:00]} Nf6 {[%emt 0:00:00]} 10. O-O {[%emt 0:00:00]} h6 {[%emt 0:00:00]} 11. c5 {[%emt 0:00:00]} Nbd7 {[%emt 0:00:00]} 12. b4 {[%emt 0:00:00]} e5 {[%emt 0:00:00]} 13. dxe5 {[%emt 0:00:00]} Nxe5 {[%emt 0:00:00]} 14. Nd4 {[%emt 0:00:00]} Bg4 {[%emt 0:00:00]} 15. Bxg4 {[%emt 0:00:00]} Nexg4 {[%emt 0:00:00]} 16. h3 {[%emt 0:00:00]} Ne5 {[%emt 0:00:00]} 17. Nf5 {[%emt 0:00:00]} Qd7 {[%emt 0:00:00]} 18. Nd6 {[%emt 0:00:00]} Ne8 {[%emt 0:00:00]} 19. Nxe8 {[%emt 0:00:00]} Rfxe8 {[%emt 0:00:00]} 20. Ne2 {[%emt 0:00:00]} Qf5 {[%emt 0:00:33]} 21. Nd4 {[%emt 0:04:52]} Qg6 {[%emt 0:05:00]} 22. Qc2 {[%emt 0:04:27]} Qxc2 {[%emt 0:04:33]} 23. Rxc2 {[%emt 0:00:02]} g6 {[%emt 0:00:24]} 24. Rb1 {[%emt 0:01:05]} a6 {[%emt 0:01:22]} 25. a4 Nc4 26. Rb3 1/2-1/2

[Event "7. Arber-Senioren-Cup 2019"]
[Site "Bodenmais"]
[Date "2019.07.29"]
[Round "3.26"]
[White "Loibl, Johann"]
[Black "Schmid, Johann"]
[Result "1/2-1/2"]
[WhiteElo "1760"]
[BlackElo "1842"]
[Annotator "NA"]
[PlyCount "54"]
[EventDate "2019.07.27"]
[EventType "swiss"]
[EventCountry "GER"]
[SourceTitle "playchess.com"]
[Source "ChessBase"]
[SourceQuality "1"]
[TimeControl "5400+30"]

1. e4 {[%emt 0:00:00]} e6 {[%emt 0:00:00]} 2. d4 {[%emt 0:00:00]} d5 {[%emt 0:00:00]} 3. exd5 {[%emt 0:00:00]} exd5 {[%emt 0:00:00]} 4. Bd3 {[%emt 0:00:00]} Nc6 {[%emt 0:00:00]} 5. Nf3 {[%emt 0:00:00]} Bg4 {[%emt 0:00:00]} 6. c3 {[%emt 0:00:00]} Nf6 {[%emt 0:00:00]} 7. O-O {[%emt 0:00:00]} h6 {[%emt 0:00:00]} 8. Re1+ {[%emt 0:00:00]} Be7 {[%emt 0:00:00]} 9. h3 {[%emt 0:00:00]} Be6 {[%emt 0:00:00]} 10. Bf4 {[%emt 0:00:00]} O-O {[%emt 0:00:00]} 11. Qc2 {[%emt 0:00:00]} Bd6 {[%emt 0:00:00]} 12. Ne5 {[%emt 0:00:00]} Re8 {[%emt 0:00:00]} 13. Nd2 {[%emt 0:00:00]} Bxe5 {[%emt 0:00:00]} 14. dxe5 {[%emt 0:00:00]} Nd7 {[%emt 0:05:08]} 15. Nf3 {[%emt 0:00:18]} Ne7 {[%emt 0:12:23]} 16. Nd4 {[%emt 0:08:55]} Nf8 {[%emt 0:03:02]} 17. Rad1 {[%emt 0:06:02]} a6 {[%emt 0:03:29]} 18. Nxe6 {[%emt 0:09:42]} Nxe6 {[%emt 0:00:41]} 19. Be3 {[%emt 0:07:31]} c5 {[%emt 0:11:32]} 20. f4 {[%emt 0:01:40]} Rc8 {[%emt 0:10:46]} 21. f5 {[%emt 0:03:04]} Nf8 {[%emt 0:02:39]} 22. f6 {[%emt 0:01:45]} Neg6 {[%emt 0:01:51]} 23. fxg7 {[%emt 0:03:48]} Kxg7 {[%emt 0:00:10]} 24. Qd2 {[%emt 0:02:54]} Qh4 {[%emt 0:01:46]} 25. Bf2 {[%emt 0:19:11]} Qf4 {[%emt 0:02:59]} 26. Be3 {[%emt 0:01:33]} Qh4 {[%emt 0:00:24]} 27. Bf5 Rc7 1/2-1/2

[Event "7. Arber-Senioren-Cup 2019"]
[Site "Bodenmais"]
[Date "2019.07.29"]
[Round "3.27"]
[White "Trinkl, Andreas"]
[Black "Meul, Willi"]
[Result "1/2-1/2"]
[WhiteElo "1620"]
[BlackElo "1904"]
[Annotator "NA"]
[PlyCount "37"]
[EventDate "2019.07.27"]
[EventType "swiss"]
[EventCountry "GER"]
[SourceTitle "playchess.com"]
[Source "ChessBase"]
[SourceQuality "1"]
[TimeControl "5400+30"]

1. e4 {[%emt 0:00:00]} c5 {[%emt 0:00:00]} 2. Nc3 {[%emt 0:00:00]} d6 {[%emt 0:00:00]} 3. f4 {[%emt 0:00:00]} g6 {[%emt 0:00:00]} 4. Nf3 {[%emt 0:00:00]} Bg7 {[%emt 0:00:00]} 5. Bc4 {[%emt 0:00:00]} e6 {[%emt 0:00:00]} 6. d3 {[%emt 0:00:00]} Ne7 {[%emt 0:00:00]} 7. O-O {[%emt 0:00:00]} O-O {[%emt 0:00:00]} 8. Qe1 {[%emt 0:00:00]} Nbc6 {[%emt 0:00:00]} 9. Bd2 {[%emt 0:00:00]} a6 {[%emt 0:00:00]} 10. a4 {[%emt 0:00:00]} d5 {[%emt 0:00:00]} 11. Bb3 {[%emt 0:00:00]} Re8 {[%emt 0:00:00]} 12. Qh4 {[%emt 0:00:00]} Nd4 {[%emt 0:00:00]} 13. f5 {[%emt 0:00:00]} exf5 {[%emt 0:00:00]} 14. Bg5 {[%emt 0:00:00]} Nxb3 {[%emt 0:00:00]} 15. Nxd5 {[%emt 0:04:42]} f6 {[%emt 0:14:05]} 16. Bxf6 {[%emt 0:03:53]} Kf8 {[%emt 0:08:50]} 17. Bxg7+ {[%emt 0:06:17]} Kxg7 {[%emt 0:00:11]} 18. Qf6+ {[%emt 0:05:50]} Kh6 {[%emt 0:01:51]} 19. Qg5+ {Rh8} 1/2-1/2

[Event "7. Arber-Senioren-Cup 2019"]
[Site "Bodenmais"]
[Date "2019.07.30"]
[Round "4.1"]
[White "Koehler, Gerhard"]
[Black "Blechzin, Igor"]
[Result "0-1"]
[WhiteElo "2197"]
[BlackElo "2221"]
[Annotator "NA"]
[PlyCount "64"]
[EventDate "2019.07.27"]
[EventType "swiss"]
[EventCountry "GER"]
[SourceTitle "playchess.com"]
[Source "ChessBase"]
[SourceQuality "1"]
[TimeControl "5400+30"]

1. c4 {[%emt 0:00:00]} e5 {[%emt 0:00:00]} 2. g3 {[%emt 0:00:00]} Nf6 {[%emt 0:00:00]} 3. Bg2 {[%emt 0:00:00]} d5 {[%emt 0:00:00]} 4. cxd5 {[%emt 0:00:00]} Nxd5 {[%emt 0:00:00]} 5. Nc3 {[%emt 0:00:00]} Nb6 {[%emt 0:00:00]} 6. Nf3 {[%emt 0:00:00]} Nc6 {[%emt 0:00:00]} 7. O-O {[%emt 0:00:00]} Be7 {[%emt 0:00:00]} 8. Rb1 {[%emt 0:00:00]} O-O {[%emt 0:00:00]} 9. b4 {[%emt 0:00:00]} Bf5 {[%emt 0:00:00]} 10. b5 {[%emt 0:00:00]} Nd4 {[%emt 0:00:00]} 11. d3 {[%emt 0:00:00]} Bf6 {[%emt 0:00:23]} 12. Nxd4 {[%emt 0:00:00]} exd4 {[%emt 0:00:07]} 13. Ne4 {[%emt 0:00:00]} Be7 {[%emt 0:00:36]} 14. Qc2 {[%emt 0:00:00]} Be6 {[%emt 0:14:49]} 15. Nc5 {[%emt 0:00:00]} Bxc5 {[%emt 0:02:32]} 16. Qxc5 {[%emt 0:00:00]} Na4 {[%emt 0:01:00]} 17. Qc2 {[%emt 0:00:00]} Nc3 {[%emt 0:00:20]} 18. Rb2 {[%emt 0:00:00]} c6 {[%emt 0:20:37]} 19. bxc6 {[%emt 0:07:07]} bxc6 {[%emt 0:00:02]} 20. e4 {[%emt 0:02:39]} Qa5 {[%emt 0:04:43]} 21. Bf4 {[%emt 0:05:00]} Rfd8 {[%emt 0:02:47]} 22. h4 {[%emt 0:01:04]} c5 {[%emt 0:00:59]} 23. Rc1 {[%emt 0:11:47]} c4 {[%emt 0:03:59]} 24. Bf1 {[%emt 0:00:15]} Rac8 {[%emt 0:02:08]} 25. dxc4 {[%emt 0:02:57]} Bxc4 {[%emt 0:01:12]} 26. Bxc4 {[%emt 0:00:22]} Rxc4 {[%emt 0:00:06]} 27. Qd3 {[%emt 0:02:27]} Qc5 {[%emt 0:02:54]} 28. Kg2 {[%emt 0:03:15]} h6 {[%emt 0:04:51]} 29. Rb7 {[%emt 0:08:46]} Rc8 {[%emt 0:02:19]} 30. Qf3 {[%emt 0:01:00]} Qc6 {[%emt 0:04:33]} 31. Rxa7 {[%emt 0:02:50]} Qxe4 {[%emt 0:00:08]} 32. Rxc3 {[%emt 0:00:52]} dxc3 {[%emt 0:00:09] Qe2 Qd5+ Qf3} 0-1

[Event "7. Arber-Senioren-Cup 2019"]
[Site "Bodenmais"]
[Date "2019.07.30"]
[Round "4.2"]
[White "Herbold, Manfred"]
[Black "Lorenc, Tomas"]
[Result "1/2-1/2"]
[WhiteElo "2081"]
[BlackElo "2158"]
[Annotator "NA"]
[PlyCount "30"]
[EventDate "2019.07.27"]
[EventType "swiss"]
[EventCountry "GER"]
[SourceTitle "playchess.com"]
[Source "ChessBase"]
[SourceQuality "1"]
[TimeControl "5400+30"]

1. Nc3 {[%emt 0:00:00]} c5 {[%emt 0:00:00]} 2. Nf3 {[%emt 0:00:00]} g6 {[%emt 0:00:00]} 3. e4 {[%emt 0:00:00]} Bg7 {[%emt 0:00:00]} 4. Bc4 {[%emt 0:00:00]} Nc6 {[%emt 0:00:00]} 5. a4 {[%emt 0:00:00]} d6 {[%emt 0:00:00]} 6. d3 {[%emt 0:00:00]} a6 {[%emt 0:00:00]} 7. Ng5 {[%emt 0:00:00]} Ne5 {[%emt 0:00:00]} 8. Bb3 {[%emt 0:00:00]} h6 {[%emt 0:00:00]} 9. Nf3 {[%emt 0:00:00]} Bg4 {[%emt 0:00:00]} 10. Nb1 {[%emt 0:00:00]} b5 {[%emt 0:09:20]} 11. Bd5 {[%emt 0:00:00]} Bxf3 {[%emt 0:08:06]} 12. gxf3 {[%emt 0:00:00]} Rb8 {[%emt 0:00:13]} 13. axb5 {[%emt 0:00:00]} axb5 {[%emt 0:00:13]} 14. f4 Nd7 15. f5 Ne5 1/2-1/2

[Event "7. Arber-Senioren-Cup 2019"]
[Site "Bodenmais"]
[Date "2019.07.30"]
[Round "4.3"]
[White "Pirrot, Dieter"]
[Black "Glaessl, Matthias"]
[Result "1-0"]
[WhiteElo "2315"]
[BlackElo "2148"]
[Annotator "ChessBase"]
[PlyCount "75"]
[EventDate "2019.07.27"]
[EventType "swiss"]
[EventCountry "GER"]
[SourceTitle "playchess.com"]
[Source "ChessBase"]
[SourceQuality "1"]
[TimeControl "5400+30"]

1. d4 {[%emt 0:00:00]} Nf6 {[%emt 0:00:00]} 2. c4 {[%emt 0:00:00]} b6 {[%emt 0:00:00]} 3. f3 {[%emt 0:00:00]} Nc6 {[%emt 0:00:00]} 4. e3 {[%emt 0:00:00]} e6 {[%emt 0:00:00]} 5. a3 {[%emt 0:00:00]} d5 {[%emt 0:00:00]} 6. Nc3 {[%emt 0:00:00]} Na5 {[%emt 0:00:00]} 7. cxd5 {[%emt 0:00:00]} exd5 {[%emt 0:00:00]} 8. e4 {[%emt 0:00:00]} dxe4 {[%emt 0:00:00]} 9. fxe4 {[%emt 0:00:00]} c5 {[%emt 0:00:00]} 10. Bg5 {[%emt 0:08:04]} cxd4 {[%emt 0:08:40]} 11. e5 {[%emt 0:01:05]} dxc3 {[%emt 0:00:47]} 12. Qxd8+ {[%emt 0:09:42]} Kxd8 {[%emt 0:00:09]} 13. exf6 {[%emt 0:00:07]} Kc7 {[%emt 0:01:48]} 14. Rc1 {[%emt 0:01:07]} Nc6 {[%emt 0:05:41]} 15. Rxc3 {[%emt 0:00:56]} a5 {[%emt 0:00:31]} 16. Nf3 {[%emt 0:13:24]} Kb7 {[%emt 0:11:36]} 17. Bc4 {[%emt 0:05:32]} Be6 {[%emt 0:00:29]} 18. O-O {[%emt 0:13:20]} Bxc4 {[%emt 0:05:42]} 19. Rxc4 {[%emt 0:00:09]} Bc5+ {[%emt 0:01:42]} 20. Rxc5 {[%emt 0:06:00]} bxc5 {[%emt 0:00:07]} 21. fxg7 {[%emt 0:00:10]} Rhg8 {[%emt 0:00:05]} 22. Bh6 {[%emt 0:06:36]} Nd8 {[%emt 0:00:50]} 23. Ne5 {[%emt 0:06:07]} Ra6 {[%emt 0:00:54]} 24. Nxf7 {[%emt 0:01:22]} Rxh6 {[%emt 0:00:13]} 25. Nxh6 {[%emt 0:01:04]} Rxg7 {[%emt 0:00:01]} 26. Nf5 {[%emt 0:01:23]} Rd7 {[%emt 0:00:29]} 27. g4 {[%emt 0:00:35]} Kc6 {[%emt 0:01:15]} 28. h4 {[%emt 0:00:52]} Ne6 {[%emt 0:00:46]} 29. g5 {[%emt 0:04:25]} Nd4 {[%emt 0:04:07]} 30. Ne3 {[%emt 0:01:06]} Re7 {[%emt 0:00:51]} 31. Rf6+ {[%emt 0:00:55]} Kb5 {[%emt 0:01:09]} 32. Kf2 {[%emt 0:00:22]} Re5 {[%emt 0:03:50]} 33. Rf7 {[%emt 0:01:26]} Ne6 {[%emt 0:00:22]} 34. Rb7+ {[%emt 0:00:57]} Ka4 {[%emt 0:00:45]} 35. Rxh7 {[%emt 0:00:13]} Nxg5 {[%emt 0:00:07]} 36. hxg5 {[%emt 0:00:50]} Rxg5 {[%emt 0:00:01]} 37. b3+ {[%emt 0:01:54]} Kb5 {[%emt 0:00:30]} 38. a4+ {[%emt 0:00:55] c4 Nxc4+ Rg8 Rb7+} 1-0

[Event "7. Arber-Senioren-Cup 2019"]
[Site "Bodenmais"]
[Date "2019.07.30"]
[Round "4.4"]
[White "Pribyl, Josef"]
[Black "Riedl, Maximilian"]
[Result "1-0"]
[WhiteElo "2234"]
[BlackElo "1905"]
[Annotator "NA"]
[PlyCount "97"]
[EventDate "2019.07.27"]
[EventType "swiss"]
[EventCountry "GER"]
[SourceTitle "playchess.com"]
[Source "ChessBase"]
[SourceQuality "1"]
[TimeControl "5400+30"]

1. d4 {[%emt 0:00:00]} d5 {[%emt 0:00:00]} 2. Nf3 {[%emt 0:00:00]} c6 {[%emt 0:00:00]} 3. g3 {[%emt 0:00:00]} e6 {[%emt 0:00:00]} 4. Bg2 Nd7 {[%emt 0:00:00]} 5. O-O {[%emt 0:00:00]} Bd6 {[%emt 0:00:00]} 6. Nbd2 {[%emt 0:00:00] D02: 1 d4 d5 2 Nf3 sidelines, including 2...Nf6 3 g3 and 2...Nf6 3 Bf4} f5 {[%emt 0:00:00]} 7. c4 {[%emt 0:00:00]} Ne7 {[%emt 0:00:00]} 8. b3 {[%emt 0:00:00]} O-O {[%emt 0:00:00]} 9. Bb2 {[%emt 0:00:00]} Qe8 $146 {[%emt 0:00:00]} ({Predecessor:} 9... h6 10. Rc1 g5 11. Ne5 Rf6 12. f4 Nf8 13. fxg5 hxg5 {1-0 (37) Nisipeanu,L (2678)-Neri,E (2114) Saint Vincent 2004}) 10. Ne5 {[%emt 0:00:00]} Ng6 {[%emt 0:00:00]} 11. f4 {[%emt 0:00:00]} Nf6 {[%emt 0:00:00]} 12. e3 {[%emt 0:00:00]} Ne4 {[%emt 0:00:00]} 13. Nxe4 {[%emt 0:00:00]} fxe4 {[%emt 0:00:00]} 14. Qg4 {[%emt 0:00:00]} Bb4 {[%emt 0:00:00]} 15. a3 {[%emt 0:00:00]} Ba5 {[%emt 0:00:00]} 16. h4 {[%emt 0:00:00]} Ne7 {[%emt 0:00:00]} 17. Kh2 {[%emt 0:00:00]} Nf5 {[%emt 0:00:00]} 18. Qe2 {[%emt 0:00:00]} Bd8 {[%emt 0:00:00]} 19. Bh3 {[%emt 0:00:00]} Rf6 {[%emt 0:00:00]} 20. Rg1 {[%emt 0:00:00]} Rh6 {[%emt 0:00:00]} 21. Bc3 {[%emt 0:00:00]} a5 {[%emt 0:00:54]} 22. Be1 {[%emt 0:00:00]} dxc4 {[%emt 0:07:00]} 23. bxc4 {[%emt 0:00:00]} Bc7 {[%emt 0:04:58]} 24. c5 {[%emt 0:00:00]} b5 {[%emt 0:05:10]} 25. Bg2 {[%emt 0:00:00]} Bxe5 {[%emt 0:06:16]} 26. dxe5 {[%emt 0:00:00]} b4 {[%emt 0:05:57]} 27. Bxe4 {[%emt 0:00:00]} Ba6 {[%emt 0:00:25]} 28. Qf3 {[%emt 0:00:00]} Ne7 {[%emt 0:00:18]} 29. axb4 {[%emt 0:01:23]} axb4 {[%emt 0:01:44]} 30. Bxb4 {[%emt 0:01:20]} Nd5 {[%emt 0:01:32]} 31. Be1 {[%emt 0:05:40]} Bc4 {[%emt 0:01:14]} 32. Rxa8 {[%emt 0:05:49]} Qxa8 {[%emt 0:00:04]} 33. Bf2 {[%emt 0:03:54]} Qa3 {[%emt 0:02:36]} 34. Bb1 {[%emt 0:16:35]} Ne7 {[%emt 0:03:26]} 35. Qd1 {[%emt 0:03:09]} Qxc5 {[%emt 0:09:55]} 36. Qd2 {[%emt 0:06:39]} Kf7 {[%emt 0:06:37]} (36... Qd5 $142 37. Qb4 c5) 37. e4 {[%emt 0:00:47]} Qa3 {[%emt 0:00:33]} 38. Rc1 $18 {[%emt 0:01:17]} Qb3 {[%emt 0:10:51]} 39. Qc3 {[%emt 0:05:41]} Qxc3 40. Rxc3 Bb5 {[%emt 0:02:17]} 41. Ra3 {[%emt 0:00:50]} g5 {[%emt 0:02:49]} 42. fxg5 {[%emt 0:02:56]} Rg6 {[%emt 0:00:22]} 43. Ra7 {[%emt 0:00:21]} Rg8 {[%emt 0:01:36]} 44. Bc5 {[%emt 0:00:03]} Re8 {[%emt 0:00:03]} 45. g4 {[%emt 0:02:11]} Bc4 {[%emt 0:01:06]} 46. Kg3 {[%emt 0:00:40]} Rb8 {[%emt 0:00:25]} 47. Rxe7+ {[%emt 0:01:00]} Kg6 {[%emt 0:00:11]} 48. Be3 {[%emt 0:00:50]} h5 {[%emt 0:00:54]} 49. gxh6 {[%emt 0:00:23] Kg5} 1-0

[Event "7. Arber-Senioren-Cup 2019"]
[Site "Bodenmais"]
[Date "2019.07.30"]
[Round "4.5"]
[White "Nickl, Klaus"]
[Black "Godoj, Veit"]
[Result "1/2-1/2"]
[WhiteElo "1988"]
[BlackElo "1995"]
[Annotator "NA"]
[PlyCount "57"]
[EventDate "2019.07.27"]
[EventType "swiss"]
[EventCountry "GER"]
[SourceTitle "playchess.com"]
[Source "ChessBase"]
[SourceQuality "1"]
[TimeControl "5400+30"]

1. d4 {[%emt 0:00:00]} d5 {[%emt 0:00:00]} 2. Nf3 {[%emt 0:00:00]} e6 {[%emt 0:00:00]} 3. Bf4 {[%emt 0:00:00]} Nf6 {[%emt 0:00:00]} 4. e3 {[%emt 0:00:00]} Bd6 {[%emt 0:00:00]} 5. Bg3 {[%emt 0:00:00]} Ne4 {[%emt 0:00:00]} 6. Nbd2 {[%emt 0:00:00]} Nxg3 {[%emt 0:00:00]} 7. hxg3 {[%emt 0:00:00]} Nd7 {[%emt 0:00:00]} 8. e4 {[%emt 0:00:00]} b6 {[%emt 0:00:00]} 9. e5 {[%emt 0:00:00]} Bf8 {[%emt 0:00:00]} 10. Bd3 {[%emt 0:00:00]} g6 {[%emt 0:00:00]} 11. g4 {[%emt 0:00:00]} a6 {[%emt 0:00:00]} 12. c3 {[%emt 0:00:00]} Bg7 {[%emt 0:00:00]} 13. g5 {[%emt 0:00:00]} Bb7 {[%emt 0:00:00]} 14. Qe2 {[%emt 0:00:00]} c5 {[%emt 0:00:33]} 15. Qe3 {[%emt 0:00:00]} Qe7 {[%emt 0:02:17]} 16. a3 {[%emt 0:00:00]} c4 {[%emt 0:00:31]} 17. Bc2 {[%emt 0:00:00]} b5 {[%emt 0:00:06]} 18. Ke2 {[%emt 0:05:30]} Kd8 {[%emt 0:20:08]} 19. Qf4 {[%emt 0:02:26]} Kc7 {[%emt 0:00:21]} 20. Nf1 {[%emt 0:00:19]} a5 {[%emt 0:00:37]} 21. Ne3 {[%emt 0:00:28]} b4 {[%emt 0:00:10]} 22. axb4 {[%emt 0:00:25]} axb4 {[%emt 0:00:01]} 23. Rxa8 {[%emt 0:00:39]} Bxa8 {[%emt 0:01:11]} 24. Ng4 {[%emt 0:01:11]} b3 {[%emt 0:02:54]} 25. Bd1 {[%emt 0:00:29]} Kd8 {[%emt 0:09:05]} 26. Nf6 {[%emt 0:01:26]} Nf8 {[%emt 0:10:19]} 27. Qc1 {[%emt 0:01:19]} Qa7 {[%emt 0:00:58]} 28. Nd2 {[%emt 0:02:49]} h6 {[%emt 0:04:14]} 29. Nf3 {[%emt 0:08:34]} 1/2-1/2